Groupes Coupe du monde 2002 - Statistiques

Statistiques générales
  • Ce quiz a été pris 425 fois
  • Le résultat moyen est 28 sur 32
Statistiques - réponses
Groupe % Correct
France
99%
Brésil
97%
Espagne
97%
Italie
97%
Japon
97%
Portugal
97%
Allemagne
96%
Argentine
96%
Corée du Sud
96%
Etats-Unis
94%
Angleterre
93%
Sénégal
93%
Russie
92%
Uruguay
92%
Mexique
91%
Danemark
89%
Belgique
88%
Suède
87%
Turquie
87%
Cameroun
84%
Pologne
83%
Tunisie
83%
Croatie
79%
Paraguay
79%
Arabie Saoudite
78%
Chine
78%
Nigeria
75%
Afrique du Sud
71%
Costa Rica
71%
Irlande
71%
Equateur
68%
Slovénie
58%
Aucun quiz correspondant
Distribution des résultats
% des personnes avec chaque résultat
Percentile par nombre de réponses
Votre historique - résultats
Vous n’avez pas pris ce quiz